[Event "AUTO-MASTER-2988"]
[Site "http://www.queenalice.com/game.php?id=1625383"]
[Date "2020.8.29"]
[Round "1"]
[White "IranSilva"]
[Black "karlus"]
[Result "0-1"]
[WhiteElo "2197"]
[BlackElo "2138"]

1. c4 c5 2. g3 Nf6 3. Bg2 d5 4. cxd5 Nxd5 5. Nc3 Nc7 6. Nf3 Nc6 7. O-O e5 8. d3
Be7 9. Bd2 O-O 10. a3 Be6 11. Qc2 Nd4 12. Qd1 Bb3 13. Qc1 f6 14. Nxd4 cxd4 15.
Ne4 Nd5 16. Nc5 Rc8 17. Nxb3 Rxc1 18. Raxc1 b6 19. Rc6 Qd7 20. Rfc1 Bc5 21.
Bxd5+ Qxd5 22. Na5 Rb8 23. b4 Bf8 0-1

[Event "AUTO-MASTER-2993"]
[Site "http://www.queenalice.com/game.php?id=1627594"]
[Date "2020.9.20"]
[Round "1"]
[White "cerenzo72"]
[Black "karlus"]
[Result "0-1"]
[WhiteElo "2117"]
[BlackElo "2193"]

1. e4 c5 2. Nf3 d6 3. Nc3 Nf6 4. d4 cxd4 5. Nxd4 a6 6. Bg5 e6 7. f4 Be7 8. Qf3
Qc7 9. O-O-O Nbd7 10. g4 b5 11. Bxf6 Nxf6 12. g5 Nd7 13. f5 Bxg5+ 14. Kb1 b4 15.
fxe6 Nf6 16. Nd5 Nxd5 17. exd5 O-O 18. Rg1 fxe6 19. Qg2 Be3 20. Rh1 Rf2 21. Qe4
Bxd4 22. Rxd4 e5 23. Rc4 Qf7 24. Bd3 Bf5 25. Qe3 Qxd5 26. Qxf2 Qxh1+ 27. Bf1 Bh3
0-1

[Event "AUTO-MASTER-2993"]
[Site "http://www.queenalice.com/game.php?id=1627595"]
[Date "2020.9.20"]
[Round "1"]
[White "karlus"]
[Black "cerenzo72"]
[Result "1-0"]
[WhiteElo "2209"]
[BlackElo "2109"]

1. e4 c5 2. Nf3 Nc6 3. d4 cxd4 4. Nxd4 d5 5. exd5 Qxd5 6. Be3 Nf6 7. Nc3 Qe5 8.
Be2 e6 9. Nb3 Bb4 10. Bd2 O-O 11. f4 Qd6 12. Nb5 Bxd2+ 13. Qxd2 Qxd2+ 14. Nxd2
Nb4 15. O-O-O Nxa2+ 16. Kb1 Nb4 17. Nd6 Ng4 18. Bxg4 Nd5 19. Bf3 Nxf4 20. N2c4
Rb8 21. g3 Nh3 22. Rhe1 b5 23. Ne5 Rb6 24. Nc6 Bd7 25. Ne7+ Kh8 26. Nxf7+ Rxf7
27. Rxd7 Rb8 28. Ng6+ Kg8 29. Rxf7 Kxf7 30. Ne5+ Kg8 31. Bg4 Ng5 32. h4 1-0

[Event "AUTO-MASTER-2993"]
[Site "http://www.queenalice.com/game.php?id=1627602"]
[Date "2020.9.20"]
[Round "1"]
[White "betofortaleza"]
[Black "karlus"]
[Result "0-1"]
[WhiteElo "1842"]
[BlackElo "2191"]

1. e4 c5 2. e5 d5 3. d4 cxd4 4. Qxd4 Nc6 5. Qf4 Qc7 6. Bb5 Bd7 7. Nc3 e6 8. Nf3
Nge7 9. Nd4 Qxe5+ 10. Qxe5 Nxe5 11. O-O N7c6 12. Nxc6 Nxc6 13. Re1 Be7 14. Bf4
a6 15. Bxc6 bxc6 16. Rad1 c5 17. Be5 O-O 18. Rd3 Rfd8 19. Rg3 Bf8 20. Rg4 Kh8
21. Re3 f6 22. Bc7 Rdc8 23. Be5 fxe5 24. Rxe5 Bd6 25. Reg5 Rg8 26. Rg3 Bxg3 0-1

[Event "AUTO-MASTER-2993"]
[Site "http://www.queenalice.com/game.php?id=1627603"]
[Date "2020.9.20"]
[Round "1"]
[White "karlus"]
[Black "betofortaleza"]
[Result "1-0"]
[WhiteElo "2208"]
[BlackElo "1840"]

1. e4 e5 2. Nf3 Nc6 3. Bb5 a6 4. Ba4 Bc5 5. O-O Nf6 6. d3 O-O 7. Re1 d5 8. exd5
Nb4 9. c4 Bg4 10. a3 b5 11. Bb3 bxc4 12. Bxc4 Bxf3 13. Qxf3 Nc2 14. Rxe5 Nxa1
15. Rg5 Re8 16. Bd2 Nc2 17. Nc3 Nd4 18. Qg3 Qe7 19. h4 Bd6 20. f4 Bc5 21. Kh2
Bd6 22. Ne4 Nxe4 23. dxe4 f6 24. Rg4 Qxe4 25. Rxg7+ Kh8 26. Bd3 Ne2 27. Bxe2
Qxe2 28. Bc3 Be7 29. Qg5 fxg5 30. Rg6+ 1-0

[Event "AUTO-MASTER-3005"]
[Site "http://www.queenalice.com/game.php?id=1632778"]
[Date "2020.11.13"]
[Round "1"]
[White "karlus"]
[Black "ernestodn"]
[Result "0-1"]
[WhiteElo "2112"]
[BlackElo "1856"]

1. e4 e5 2. Nf3 Nc6 3. Bb5 a6 4. Ba4 Nf6 5. d3 b5 6. Bb3 Be7 7. O-O O-O 8. Re1
Re8 9. c3 Bb7 10. Nbd2 d6 11. Nf1 Na5 12. Bc2 c5 0-1

[Event "AUTO-MASTER-3005"]
[Site "http://www.queenalice.com/game.php?id=1632779"]
[Date "2020.11.13"]
[Round "1"]
[White "ernestodn"]
[Black "karlus"]
[Result "1-0"]
[WhiteElo "1882"]
[BlackElo "2089"]

1. e4 c5 2. Nf3 d6 3. d4 cxd4 4. Nxd4 Nf6 5. Nc3 a6 6. Be2 e5 7. Nb3 Be7 8. O-O
O-O 9. Be3 Be6 10. Bd3 d5 11. exd5 Nxd5 12. Qh5 1-0

[Event "AUTO-MASTER-3005"]
[Site "http://www.queenalice.com/game.php?id=1632780"]
[Date "2020.11.13"]
[Round "1"]
[White "karlus"]
[Black "WeirdGoblin"]
[Result "0-1"]
[WhiteElo "2118"]
[BlackElo "2305"]

1. e4 c6 2. d4 d5 3. exd5 cxd5 4. c4 Nf6 5. Nc3 Nc6 6. Bf4 Bg4 7. Be2 Bxe2 8.
Ngxe2 e6 9. c5 Nh5 10. Be3 b6 11. Qa4 Rc8 12. b4 Be7 13. O-O O-O 14. Rfd1 bxc5
15. bxc5 Qa5 0-1

[Event "AUTO-MASTER-3005"]
[Site "http://www.queenalice.com/game.php?id=1632781"]
[Date "2020.11.13"]
[Round "1"]
[White "WeirdGoblin"]
[Black "karlus"]
[Result "1-0"]
[WhiteElo "2305"]
[BlackElo "2125"]

1. d4 d5 2. c4 e6 3. Nc3 a6 4. Nf3 Nf6 5. cxd5 exd5 6. Bg5 Be6 7. e3 Bd6 8. Bd3
c6 9. Qc2 Nbd7 10. O-O Qc7 11. Bh4 Bg4 12. Bg3 h5 13. Bxd6 Qxd6 14. Nd2 g6 15.
b4 1-0

[Event "AUTO-MASTER-3005"]
[Site "http://www.queenalice.com/game.php?id=1632782"]
[Date "2020.11.13"]
[Round "1"]
[White "karlus"]
[Black "seega"]
[Result "0-1"]
[WhiteElo "2199"]
[BlackElo "2309"]

1. e4 c5 2. Nf3 a6 3. c4 e6 4. d4 cxd4 5. Nxd4 Nf6 6. Bd3 Nc6 7. Be3 Bb4+ 8. Nd2
Ne5 9. Qe2 Nxd3+ 10. Qxd3 Ng4 0-1